Statistics for Historical Years II

Click here to take the quiz!

General Stats

  • This quiz has been taken 1,395 times
  • The average score is 6 of 15

Answer Stats

HintAnswer% Correct
Second World War ends1945
96%
The Titanic Sinks1912
95%
Archduke Franz Ferdinand is assassinated1914
90%
Queen Victoria dies on the Isle of Wight1901
78%
Marie Antoinette is executed1793
64%
Elizabeth I ascends the throne1558
33%
The Bubonic Plague first strikes1347
28%
Decimal Day occurs (UK and Irish currency)1971
27%
William III dies of pneumonia (previously fell from his horse)1702
17%
The Year Without a Summer1816
11%
Princess Amelia dies (partly resulting in George III's insanity)1810
10%
Richard I is born1157
9%
Charlotte Brontë's 'Jane Eyre' is published1847
7%
The Big Stink1858
7%
Sophia Dorothea of Celle is divorced and imprisoned by George I1694
6%

Score Distribution

Percentile by Number Answered

Percent of People with Each Score

Your Score History

You have not taken this quiz